| 000 | 00643nam a2200205 i 4500 | ||
|---|---|---|---|
| 001 | 115232 | ||
| 003 | ES-MaACL | ||
| 007 | t| | ||
| 008 | 070227s1909 sp ||||1| spa d | ||
| 080 | _a821.134.2-32"19" | ||
| 100 | 1 |
_aTéllez y López, Juan. _9109647 |
|
| 245 | 1 | 0 |
_aMater admirabilis _b: novela / _cpor Juan Téllez y López ; ilustraciones de la Rocha. |
| 260 |
_aMadrid : _bEl Cuento Semanal, _c1909. |
||
| 300 |
_a20 p. : _bil. ; _c26 cm. |
||
| 490 | 1 |
_aEl cuento semanal ; _v107 |
|
| 700 | 1 |
_aRocha, Luis E. de la. _998048 |
|
| 830 | 0 | 3 |
_aEl cuento semanal _v107 _9185957 |
| 852 |
_aES-MaACL _jG-4443(3) |
||
| 999 |
_c115232 _d115232 |
||